000 00772nam0a22002531 4500
001 rc\4829425
005 20250612225847.0
021 _aRU
_b[60-11781]
035 _a(NLR Aleph) 008887421
090 _a8620635
_c8620635
100 _a20130426d1959 |||y0rusy50 ca
101 0 _arus
102 _aRU
105 _ay z |||||
200 1 _aТаджикистан на стройке
210 _aСталинабад
_cТаджикгосиздат
_d1959
215 _a40 с.
_d20
606 _aСтроительная промышленность
_yТаджикская ССР
_2psbo
700 1 _aТаирова
_bХ.Т.
_gХамро Таировна
801 0 _aRU
_bNLR
_gpsbo
801 1 _aRU
_bELAR
_2rusmarc
852 _aNLR
_j60-4/1989
942 _cBOOK
980 _aNB